[Event "American op"]
[Site "Los Angeles"]
[Date "1996.??.??"]
[Round "6"]
[White "Ramos, Steve L"]
[Black "Burtman, Sharon"]
[Result "1-0"]
[WhiteElo "2220"]
[BlackElo "2060"]
[PlyCount "67"]
[EventDate "1996.11.28"]
[EventType "swiss"]
[EventRounds "9"]
[EventCountry "USA"]
[SourceTitle "EXT 2001"]
[Source "ChessBase"]
[SourceDate "2000.11.22"]
[SourceVersion "1"]
[SourceVersionDate "2000.11.22"]
[SourceQuality "1"]

1. e4 c5 2. Nf3 Nc6 3. Bb5 e6 4. 0-0 Nge7 5. Re1 a6 6. Bf1 Ng6 7. c3 d5 8. exd5 Qxd5 9. d4 cxd4 10. cxd4 Be7 11. Nc3 Qd6 12. h4 0-0 13. h5 Nf4 14. Ne4 Qc7 15. Ne5 Nd5 16. Nxc6 Qxc6 17. Bd3 f5 18. Ng5 Bf6 19. Nf3 Nb4 20. Bg5 Bxg5 21. Nxg5 Qd5 22. a3 Nc6 23. Rc1 Qxd4 24. Bc4 Qxd1 25. Rcxd1 Nd8 26. Nf3 Nc6 27. Ba2 Re8 28. Ng5 Nd8 29. Nf3 Nc6 30. b4 h6 31. Ne5 Nd8 32. Nc4 Nf7 33. Nb6 Rb8 34. Rc1 1-0

[Event "American op"]
[Site "Los Angeles"]
[Date "1996.??.??"]
[Round "7"]
[White "Saidy, Anthony Fred"]
[Black "Ramos, Steve L"]
[Result "1/2-1/2"]
[WhiteElo "2375"]
[BlackElo "2220"]
[PlyCount "70"]
[EventDate "1996.11.28"]
[EventType "swiss"]
[EventRounds "9"]
[EventCountry "USA"]
[SourceTitle "EXT 2001"]
[Source "ChessBase"]
[SourceDate "2000.11.22"]
[SourceVersion "1"]
[SourceVersionDate "2000.11.22"]
[SourceQuality "1"]

1. d4 Nf6 2. c4 g6 3. g3 Bg7 4. Bg2 0-0 5. Nc3 d6 6. Nf3 Nbd7 7. 0-0 e5 8. e4 c6 9. h3 a5 10. Re1 Re8 11. Be3 a4 12. Qc2 Qa5 13. Rad1 exd4 14. Nxd4 Nb6 15. b3 axb3 16. axb3 Nbd7 17. f4 Nc5 18. Bf2 Qb4 19. Rb1 Ne6 20. Red1 Nxd4 21. Bxd4 d5 22. cxd5 cxd5 23. Bxf6 Qc5+ 24. Qf2 Qxf2+ 25. Kxf2 Bxf6 26. e5 d4 27. Rxd4 Bd8 28. Ra4 Be6 29. Bxb7 Rb8 30. Bc6 Bb6+ 31. Ke2 Rec8 32. Nd5 Bd8 33. Nb4 Be7 34. Nd5 Bd8 35. Nb4 Be7 1/2-1/2

[Event "American op"]
[Site "Los Angeles"]
[Date "1995.??.??"]
[Round "7"]
[White "Ramos, Steve L"]
[Black "Izmukhambetov, Salauat"]
[Result "1/2-1/2"]
[WhiteElo "2225"]
[BlackElo "2125"]
[PlyCount "111"]
[EventDate "1995.11.23"]
[EventType "swiss"]
[EventRounds "8"]
[EventCountry "USA"]
[SourceTitle "EXT 1998"]
[Source "ChessBase"]
[SourceDate "1997.11.17"]
[SourceVersion "1"]
[SourceVersionDate "1997.11.17"]
[SourceQuality "1"]

1. e4 c6 2. d4 d5 3. Nd2 dxe4 4. Nxe4 Nd7 5. Nf3 Ngf6 6. Nxf6+ Nxf6 7. Bc4 Bf5 8. 0-0 e6 9. c3 Bd6 10. Re1 Qc7 11. Bg5 0-0 12. Bd3 Bg4 13. h3 Bh5 14. Bc2 Nd7 15. Qd3 Bg6 16. Qe2 Bxc2 17. Qxc2 h6 18. Bd2 Rfe8 19. c4 c5 20. Rac1 Rac8 21. dxc5 Bxc5 22. b4 Be7 23. Qb3 Bf6 24. Be3 e5 25. c5 Be7 26. Nd2 Red8 27. Nc4 Nf8 28. Bd2 Bf6 29. Nd6 Rb8 30. Be3 a6 31. Ne4 Be7 32. Nc3 Qc6 33. Red1 Ne6 34. Nd5 Bf8 35. f4 exf4 36. Bxf4 Nxf4 37. Nxf4 Re8 38. Qd5 Qc7 39. Qf3 Rbd8 40. Nd5 Qc6 41. Rc4 Re5 42. Rcd4 Rde8 43. Rf1 f6 44. Qb3 Qe6 45. Qc4 Kf7 46. Nb6 Qxc4 47. Nxc4 Re4 48. Rfd1 Re1+ 49. Rxe1 Rxe1+ 50. Kf2 Rb1 51. a3 Rb3 52. Rd7+ Ke6 53. Rxb7 Bxc5+ 54. Ke2 Kd5 55. Nd2 Re3+ 56. Kd1 1/2-1/2

[Event "American op 29th"]
[Site "Long Beach"]
[Date "1993.??.??"]
[Round "6"]
[White "Burtman, Sharon"]
[Black "Ramos, Steve L"]
[Result "0-1"]
[WhiteElo "2055"]
[BlackElo "2225"]
[PlyCount "76"]
[EventDate "1993.11.25"]
[EventType "swiss"]
[EventRounds "8"]
[EventCountry "USA"]
[SourceTitle "EXT 2024"]
[Source "ChessBase"]
[SourceDate "2023.10.10"]
[SourceVersion "1"]
[SourceVersionDate "2023.10.10"]
[SourceQuality "1"]

1. d4 Nf6 2. c4 g6 3. Nc3 Bg7 4. e4 0-0 5. f3 d6 6. Nge2 c5 7. d5 e6 8. Bg5 exd5 9. cxd5 Nbd7 10. Qd2 a6 11. a4 Nb6 12. Ng3 Bd7 13. Be2 Nc8 14. 0-0 Qe7 15. Rfb1 Re8 16. b4 b6 17. bxc5 dxc5 18. f4 h6 19. Bxf6 Qxf6 20. e5 Qh4 21. Nge4 Bf5 22. Rb2 Bxe4 23. g3 Bxe5 24. gxh4 Bd4+ 25. Kf1 Bf5 26. Nd1 Bh3+ 27. Ke1 Nd6 28. Rc1 Bg4 29. Qxd4 cxd4 30. Kf1 Bxe2+ 31. Rxe2 b5 32. axb5 axb5 33. Rc6 Nc4 34. Rxe8+ Rxe8 35. Rc5 d3 36. Nc3 b4 37. Rxc4 bxc3 38. Rxc3 d2 0-1